000 00359nam a2200145Ia 4500
008 150201s2013 xx 000 0 und d
082 _a612
_bG13H
100 _aHALL, JOHN E.
245 _aGUYTON & HALL TB. OF MEDICAL PHYSIOLOGY
250 _a1ST
260 _bELSEVIER
_aINDIA
_c2013
300 _a1-907
650 _aHUMAN PHYSIOLOGY
942 _2ddc
_cBK
_051
999 _c1788
_d1788